| 000 | 00912nas a2200253 i 4500 | ||
|---|---|---|---|
| 001 | 182842 | ||
| 003 | ES-MaACL | ||
| 005 | 20250217134907.0 | ||
| 008 | 131114u19081940sp | | ||pa d | ||
| 022 | _a9950-9733 | ||
| 080 | _a343.81(460)(083.41) | ||
| 245 | 0 | 0 | _aEstadística penitenciaria. |
| 260 |
_aMadrid : _bMinisterio de Gracia y Justicia, Dirección General de Prisiones, _c1908- |
||
| 300 |
_a8 v. ; _c27 cm. |
||
| 362 | 0 | _a1907- | |
| 530 | _aDisponible en formato digital. | ||
| 650 | 0 | 4 |
_aPresos- _zEspaña. _916390 |
| 650 | 4 |
_aEstablecimientos penitenciarios- _zEspaña. _9145832 |
|
| 710 | 1 |
_aEspaña. _bDirección General de Prisiones. _9174634 |
|
| 852 | 1 |
_aBA _jC-13331 _z.- Donat. Sr. Moret |
|
| 856 |
_uhttp://hemerotecadigital.bne.es/details.vm?o=&w=2485-3615&f=issn&l=500 _zHemeroteca Digital |
||
| 866 | 0 | _o1907, 1914, 1921-1922, 1924-1925, 1927-1928. | |
| 999 |
_c182842 _d182842 |
||